书目信息 |
| 题名: |
CPLD/FPGA设计及应用
|
|
| 作者: | 马玲 , 彭敏 主编 | |
| 分册: | ||
| 出版信息: | 武汉 华中科技大学出版社 2015.9 |
|
| 页数: | 214页 | |
| 开本: | 26cm | |
| 丛书名: | ||
| 单 册: | ||
| 中图分类: | TP332.1 | |
| 科图分类: | ||
| 主题词: | 可编程序逻辑阵列--ke bian cheng xu luo ji zhen lie--高等教育--教材 | |
| 电子资源: | ||
| ISBN: | 978-7-5680-1115-0 | |
| 000 | 01058nam0 2200277 450 | |
| 001 | 0100004570 | |
| 005 | 20160307105552.9 | |
| 010 | @a978-7-5680-1115-0@dCNY29.80 | |
| 100 | @a20150916d2015 em y0chiy0121 ea | |
| 101 | 0 | @achi |
| 102 | @aCN@b420000 | |
| 105 | @aak a 000yy | |
| 106 | @ar | |
| 200 | 1 | @aCPLD/FPGA设计及应用@ACPLD/FPGAshe ji ji ying yong@f主编马玲, 彭敏 |
| 210 | @a武汉@c华中科技大学出版社@d2015.9 | |
| 215 | @a214页@c图@d26cm | |
| 300 | @a普通高等教育应用技术型“十三五”规划系列教材 | |
| 320 | @a有书目 (第214页) | |
| 330 | @a本书内容包括: 概述, 可编程逻辑器件, VHDL基础, QuartusⅡ软件平台, 基本逻辑电路设计, 有限状态的VHDL设计, VHDL设计应用实例。 | |
| 333 | @a适合普通高等教育本科院校通信工程等电子信息类和计算机应用类相关专业的教材或参考书, 也可作为工程技术人员的自学参考书 | |
| 606 | 0 | @a可编程序逻辑阵列@Ake bian cheng xu luo ji zhen lie@x高等教育@j教材 |
| 690 | @aTP332.1@v5 | |
| 701 | 0 | @a马玲@Ama ling@4主编 |
| 701 | 0 | @a彭敏@Apeng min@4主编 |
| 801 | 0 | @aCN@c20160515 |
| 905 | @a河南城建学院图书馆@dTP332.1@eM093 | |
| CPLD/FPGA设计及应用/主编马玲, 彭敏.-武汉:华中科技大学出版社,2015.9 |
| 214页:图;26cm |
| 普通高等教育应用技术型“十三五”规划系列教材.-使用对象:适合普通高等教育本科院校通信工程等电子信息类和计算机应用类相关专业的教材或参考书, 也可作为工程技术人员的自学参考书 |
| ISBN 978-7-5680-1115-0:CNY29.80 |
| 本书内容包括: 概述, 可编程逻辑器件, VHDL基础, QuartusⅡ软件平台, 基本逻辑电路设计, 有限状态的VHDL设计, VHDL设计应用实例。 |
| ● |
| 相关链接 |
|
|
|
正题名:CPLD/FPGA设计及应用
索取号:TP332.1/M093
 
预约/预借
| 序号 | 登录号 | 条形码 | 馆藏地/架位号 | 状态 | 备注 |
| 1 | 1253138 | 212531385 | 自科二线404/301自科库 54排5列5层/ [索取号:TP332.1/M093] | 在馆 | |
| 2 | 1253139 | 212531394 | 自科库301/301自科库 61排2列5层/ [索取号:TP332.1/M093] | 在馆 | |
| 3 | 1253140 | 212531401 | 自科库301/301自科库 61排2列5层/ [索取号:TP332.1/M093] | 在馆 |